| 000 | 01171nam a22002057a 4500 | ||
|---|---|---|---|
| 999 |
_c62330 _d62330 |
||
| 003 | Ge_BSU | ||
| 005 | 20241007163335.0 | ||
| 008 | 241007s2024 ge ||||| |||| 00| 0 geo d | ||
| 020 | _a1512-1518 | ||
| 041 | _ageo | ||
| 080 | _a327(479.22) ქ-27 | ||
| 245 |
_aქართული დიპლომატია : _bწელიწდეული. 20 / _cმთ. რედაქტორი როინ მეტრეველი; საქ. მეცნიერებათა ეროვნული აკადემია. საქართველოს ისტორიკოსთა ეროვნული კომიტეტი. |
||
| 264 |
_aთბილისი, _c2024. |
||
| 300 |
_a592 გვ. ; _b21 სმ. |
||
| 700 |
_aმეტრეველი, როინ _eრედაქტორი _923327 |
||
| 710 |
_aსაქ. მეცნიერებათა ეროვნული აკადემია. _98180 |
||
| 710 |
_a საქართველოს ისტორიკოსთა ეროვნული კომიტეტი. _923328 |
||
| 773 | _tნაჩუქარი | ||
| 942 |
_2udc _cᲬᲘᲒᲜᲘ |
||